Paesi dell'Asse - Bandiere - Statistics

Statistiche generali
  • Questo quiz è stato fatto 207 volte
  • Il punteggio medio è 13 su 19
Statistiche sulle risposte
con Immagini Risposta % Corretto
Albania
98%
Germania
98%
Italia
98%
Romania
98%
Bulgaria
95%
Croazia
94%
Ungheria
93%
Giappone
91%
Serbia
91%
India
80%
Filippine
78%
Siam
73%
Grecia
60%
Slovacchia
39%
Iraq
30%
Montenegro
24%
Birmania
23%
Manciukuò
20%
Mengjiang
4%
Nessun quiz corrispondente trovato
Distribuzione punteggi
Percentuale di utenti per punteggio
Percentile per numero di risposta
I tuoi punteggi nel tempo
Non hai fatto questo quiz